La fiesta electoral /
| Institution som forfatter: | |
|---|---|
| Format: | Bog |
| Sprog: | spansk |
| Udgivet: |
Panamá :
Departamento de Imprenta del Tribunal Electoral,
2003
|
| Fag: |
MARC
| LEADER | 00000nam a2200000Ia 4500 | ||
|---|---|---|---|
| 008 | 180404b2003 p ||||| |||| 00| | spa d | ||
| 999 | |c 1689 |d 1689 | ||
| 090 | |a 06.03.04 |b 1575 | ||
| 110 | 2 | |a Tribunal Electoral de Panamá |9 3539 | |
| 245 | 1 | 3 | |a La fiesta electoral / |c Tribunal Electoral de Panamá |
| 260 | |a Panamá : |b Departamento de Imprenta del Tribunal Electoral, |c 2003 | ||
| 300 | |a 42 páginas | ||
| 650 | 1 | 4 | |a EDUCACIÓN CÍVICA |9 1363 |
| 650 | 1 | 4 | |a DOCENTES |9 331 |
| 942 | |i 003213 |h 06.03.04 1575 |2 z |c 01 | ||
